000 00673nam a22002417a 4500
003 UA-OsUOA
001 126870
007 ta
008 20171113b un ||||| |||| 00| 0 ukr d
100 _aЗінчук С.
090 _a94(477):821.161.2
_bЗ-66
942 _cBK
040 _aUA-OsUOA
_bukr
_cUA-OsUOA
_dUA-OsUOA
245 _aГайдамацька Січ
_bісторичне дослідження, поема
300 _a95 с.
955 _a2
041 _aukr
080 _a94(477):821.161.2
020 _a978-966-2031-10-7
260 _aК.
_bЩек
_c2009
650 7 _a9 Географія. Біографії. Історія
_2UDC
999 _c414024
_d414024